Introduction to local area networks
שמור ב:
| מחבר ראשי: | |
|---|---|
| פורמט: | ספר |
| שפה: | Undetermined |
| יצא לאור: |
San Francisco
Sybex Network Press
1982
|
| נושאים: | |
| תגים: |
הוספת תג
אין תגיות, היה/י הראשונ/ה לתייג את הרשומה!
|
| Thư viện lưu trữ: | Trung tâm Học liệu Trường Đại học Cần Thơ |
|---|
| LEADER | 00535nam a2200181Ia 4500 | ||
|---|---|---|---|
| 001 | CTU_98206 | ||
| 008 | 210402s9999 xx 000 0 und d | ||
| 082 | |a 004.68 | ||
| 082 | |b T454 | ||
| 100 | |a Thomas, Robert M. | ||
| 245 | 0 | |a Introduction to local area networks | |
| 245 | 0 | |c Robert M. Thomas | |
| 260 | |a San Francisco | ||
| 260 | |b Sybex Network Press | ||
| 260 | |c 1982 | ||
| 650 | |a Local area networks (Computer networks),Business communication | ||
| 904 | |i Năm | ||
| 980 | |a Trung tâm Học liệu Trường Đại học Cần Thơ | ||